| 000 -LEADER |
| fixed length control field |
00623nam a22001937a 4500 |
| 005 - DATE AND TIME OF LATEST TRANSACTION |
| control field |
20240403154748.0 |
| 008 - FIXED-LENGTH DATA ELEMENTS--GENERAL INFORMATION |
| fixed length control field |
240403s2006 enk||||| |||| 00| 0 eng d |
| 020 ## - INTERNATIONAL STANDARD BOOK NUMBER |
| International Standard Book Number |
9780198566090x |
| 041 ## - LANGUAGE CODE |
| Language code of text/sound track or separate title |
eng |
| 080 ## - UNIVERSAL DECIMAL CLASSIFICATION NUMBER |
| Universal Decimal Classification number |
617-089.5 O-97 |
| 245 ## - TITLE STATEMENT |
| Title |
Oxford Handbook of Anaesthesia / |
| Statement of responsibility, etc. |
Editor Keith Allman, Iain Wilson. |
| 264 ## - PRODUCTION, PUBLICATION, DISTRIBUTION, MANUFACTURE, AND COPYRIGHT NOTICE |
| Place of production, publication, distribution, manufacture |
Oxford, |
| Date of production, publication, distribution, manufacture, or copyright notice |
2006. |
| 300 ## - PHYSICAL DESCRIPTION |
| Extent |
1203 p. ; |
| Other physical details |
19 cm. |
| 653 ## - INDEX TERM--UNCONTROLLED |
| keyword |
ანესტეზია |
| 653 ## - INDEX TERM--UNCONTROLLED |
| keyword |
მედიცინა |
| 700 ## - ADDED ENTRY--PERSONAL NAME |
| Personal name |
Allman, Keith |
| Relator term |
რედაქტორი |
| 9 (RLIN) |
21692 |
| 700 ## - ADDED ENTRY--PERSONAL NAME |
| Personal name |
Wilson, Iain |
| Relator term |
რედაქტორი |
| 9 (RLIN) |
21693 |
| 942 ## - ADDED ENTRY ELEMENTS (KOHA) |
| Source of classification or shelving scheme |
|
| Koha item type |
წიგნი |